Consents through the looking glass - a re-examination of consents in alienation clauses (Record no. 82524)

MARC details
000 -LEADER
fixed length control field 01314cam a22002535a 4500
001 - CONTROL NUMBER
control field L150481
008 - FIXED-LENGTH DATA ELEMENTS--GENERAL INFORMATION
fixed length control field 100719s2010 xxk 000 0 eng d
035 ## - SYSTEM CONTROL NUMBER
System control number (Sirsi) u150481
041 0# - LANGUAGE CODE
Language code of text/sound track or separate title eng
100 1# - MAIN ENTRY--PERSONAL NAME
Personal name Gilbert, Dellah
245 00 - TITLE STATEMENT
Title Consents through the looking glass - a re-examination of consents in alienation clauses
260 ## - PUBLICATION, DISTRIBUTION, ETC.
Date of publication, distribution, etc. 2010
490 #0 - SERIES STATEMENT
Series statement Hogan Lovells Real Estate Quarterly
Volume/sequential designation Summer 2010, 4-5(2)
520 ## - SUMMARY, ETC.
Summary, etc. Reviews the case law relating to the often contentious issue of landlords granting consent to a prospective tenant when an existing tenant wishes to move on. Clarifies through an examination of the statutory framework and modern case law what procedural obligations are imposed on a landlord upon receipt of an application for consent, in particular, ones where insufficient information is provided by the tenant to allow the landlord to make a decision.
590 ## - LOCAL NOTE (RLIN)
Local note KA
650 24 - SUBJECT ADDED ENTRY--TOPICAL TERM
Topical term or geographic name entry element GO WEST LTD V SPIGAROLO AND ANOTHER
650 24 - SUBJECT ADDED ENTRY--TOPICAL TERM
Topical term or geographic name entry element ROYAL BANK OF SCOTLAND V VICTORIA STREET (No 3)
650 24 - SUBJECT ADDED ENTRY--TOPICAL TERM
Topical term or geographic name entry element LANDLORD AND TENANT ACT 1988
650 24 - SUBJECT ADDED ENTRY--TOPICAL TERM
Topical term or geographic name entry element NCR LTD V RIVERLAND PORTFOLIO NO1 LTD
650 24 - SUBJECT ADDED ENTRY--TOPICAL TERM
Topical term or geographic name entry element BLOCKBUSTER ENTERTAINMENT V BARNSDALE PROPERTIES LTD
651 #4 - SUBJECT ADDED ENTRY--GEOGRAPHIC NAME
Geographic name England and Wales
Chronological subdivision 1543-
690 ## - LOCAL SUBJECT ADDED ENTRY--TOPICAL TERM (OCLC, RLIN)
Topical term or geographic name as entry element PROPERTY-LEASEHOLD PROPERTY-LANDLORD AND TENANT-LEASES
942 ## - ADDED ENTRY ELEMENTS (KOHA)
Suppress in OPAC 0
Holdings
Withdrawn status Lost status Source of classification or shelving scheme Damaged status Not for loan Home library Current library Shelving location Date acquired Total Checkouts Full call number Barcode Date last seen Copy number Price effective from Koha item type
    Dewey Decimal Classification     London London Journal article 19/07/2010   L150481 150481-1001 06/08/2019 1 06/08/2019 Journal article